Landen met een Andere Engelse Naam - Statistieken

Algemene statistieken
  • Deze quiz is 4.124 keer genomen
    2.142 sinds de laatste reset
  • De gemiddelde score is 68 van 104
Antwoordstatistieken
Land % Correct
België
94%
Nederland
94%
Duitsland
91%
Frankrijk
90%
Noorwegen
90%
Spanje
90%
Zweden
90%
Verenigde Staten
88%
Rusland
87%
Brazilië
86%
Estland
86%
Letland
86%
Litouwen
85%
Zwitserland
83%
Albanië
82%
Argentinië
82%
Griekenland
82%
Ierland
82%
Italië
82%
Oostenrijk
82%
Polen
82%
Verenigd Koninkrijk
82%
Bulgarije
81%
Hongarije
81%
Slovenië
81%
Slowakije
81%
Australië
80%
Denemarken
80%
Nieuw-Zeeland
80%
Oekraïne
78%
IJsland
77%
Zuid-Afrika
77%
Bosnië en Herzegovina
75%
Chili
75%
Roemenië
75%
Servië
75%
Tsjechië
75%
Kroatië
74%
Noord-Macedonië
74%
Zuid-Korea
74%
Noord-Korea
73%
Marokko
71%
Turkije
71%
Vaticaanstad
71%
Egypte
70%
Indonesië
69%
Algerije
68%
Moldavië
68%
Luxemburg
67%
Democratische Republiek Congo
64%
Libië
64%
Zuid-Soedan
64%
Armenië
63%
Dominicaanse Republiek
63%
Georgië
63%
Irak
62%
Mongolië
62%
Republiek Congo
62%
Saoedi-Arabië
62%
Soedan
62%
Papoea-Nieuw-Guinea
60%
Jordanië
59%
Tunesië
59%
Jemen
58%
Verenigde Arabische Emiraten
58%
Azerbeidzjan
57%
Oezbekistan
57%
Syrië
57%
Kirgizië
56%
Marshalleilanden
56%
Salomonseilanden
56%
Ethiopië
55%
Kazachstan
54%
Saint Kitts en Nevis
54%
Saint Vincent en de Grenadines
54%
Somalië
54%
Filipijnen
53%
Antigua en Barbuda
52%
Centraal-Afrikaanse Republiek
52%
Maleisië
52%
Tsjaad
51%
Ivoorkust
50%
Kenia
50%
Namibië
50%
Oost-Timor
50%
Koeweit
49%
Libanon
49%
Trinidad en Tobago
49%
Mauritanië
48%
Guinee
47%
Kaapverdië
47%
Maldiven
47%
Oeganda
47%
Tadzjikistan
47%
Cambodja
46%
Kameroen
46%
Bahama's
45%
Bahrein
45%
Seychellen
45%
Comoren
44%
Guinee-Bissau
44%
Equatoriaal-Guinea
42%
Madagaskar
39%
Sao Tomé en Principe
34%
Geen overeenkomende quizzen gevonden
Scoreverdeling
Procent van Mensen met Elke Score
Percentiel versus Aantal Correcte Antwoorden
Uw Scoregeschiedenis
U heeft deze quiz nog niet genomen sinds de laatste reset